000
00325nam a2200133Ia 4500
008
240624s9999 xx 000 0 und d
041
_a
eng
082
_a
828 BAN
100
_a
BANSAL RASHMI
245
_a
STAY HUNGRY STAY FOOLISH
260
_c
2008
_a
Ahmedabad
_b
IIM Ahmedabad
300
_a
325 : p. : cm. ; 21
365
_c
RS
999
_c
28735
_d
28735